Sports Quiz

Random Sports Quiz

LFC Missing Men Burnley 2010 Quiz Stats

 Plays Quiz not verified by Sporcle

Score 0/11 Timer 08:00
1 Play Today
Number Player % Correct
25Pepe Reina
96.2%
8Steven Gerrard
86.4%
23Jamie Carragher
84.8%
5Daniel Agger
81%
2Glen Johnson
79.5%
19Ryan Babel
78.4%
17Maxi Rodriguez
75.1%
18Dirk Kuyt
70.7%
20Javier Mascherano
47.3%
4Alberto Aquilani
34.7%
40Daniel Ayala
16%

You're not logged in!

Compare scores with friends on all Sporcle quizzes.
OR
Log In

Sporcle TV

Today on Sporcle TV


Watch our educational content, quiz creation guides, and fun videos on Sporcle TV.

Show Comments

Extras

Created Aug 20, 2019ReportNominate
Tags:2010, April, burnley, men, player, position, Starting, win

Top Quizzes Today


Score Distribution

Your Account Isn't Verified!

In order to create a playlist on Sporcle, you need to verify the email address you used during registration. Go to your Sporcle Settings to finish the process.

Report this User

Report this user for behavior that violates our Community Guidelines.

Details: